LEADER 00857nam a2200217 u 4500 001 000000025356 003 CaOOAMICUS 005 20070226111444.0 008 950719s1836 fr u000 u fre u 035 $a10651311 040 $aPUL(R)$bita 110 2 $aAbbaye Saint-Pierre de Solesmes.$0(OLS)http://pul/name/21043 245 10$aOrigines de l'Eglise Romaine, /$cpar les membres de la communauté de Solesmes. 260 $aParis :$bDebécourt,$c1836. 300 $axxxi, 370, clxi p. ;$c26 cm 504 $aBibliografia in nota. 850 $aPUL 852 $aPUL$W1$xDP1 Antico 800$y27$m107 A 5$j35471$nBK-PRI$b $qStampati Antico$B35471$CPULBib$Z2$F35471 $H $81 941 1 $a15 996 $6245$aOrigines de l'Eglise Romaine,$9(OLS)http://pul/title/34943 996 $6260$aParis :$bDebécourt$9(OLS)http://pul/publisher/58867 LEADER 00949nam a2200253 a 4500 001 000000134326 003 CaOOAMICUS 005 20130611135236.0 008 130611s1983 it u000 u ita r 040 $aPUL$bita 100 1 $aPerniola, Mario.$0(OLS)http://pul/name/79573 245 13$aLa societŕ dei simulacri /$cMario Perniola. 260 $aBologna :$bCappelli,$c1983. 300 $a198 p. ;$c19 cm 490 1 $aIndiscipline. Nuova serie ;$v32 650 4$aFilosofia moderna.$0(OLS)http://pul/subject/703 830 0$aIndiscipline.$pNuova serie ;$v32.$0(OLS)http://pul/title/169858 850 $aPUL 852 $aPUL$W1$xDP1 Fondo E. Rossi$y115$m1 P 18$j154446$qFondi$B153996$CPULBib$Z2$F153996 $82 941 1 $a1 961 $aSul dorso collocazione ms. di E. Rossi: P 6 996 $6245$aLa societŕ dei simulacri$9(OLS)http://pul/title/169857 996 $6260$aBologna :$bCappelli$9(OLS)http://pul/publisher/47917 LEADER 01751nam a2200361 a 4500 001 000000167620 003 CaOOAMICUS 005 20180514103935.0 008 180514s2017 it u000 u ita r 020 $a978-88-10-82131-2* 032 $aLibriCat 040 $aPUL$bita 041 1 $aita$agrc$hgrc$aheb$hheb$alat$hlat 082 04$a222 130 0 $aBiblia.$pV.T.$pEsdrae.$lItaliano, greco, ebraico, latino.$0(OLS)http://pul/title/207716 245 10$aEsdra ; Neemia :$btesto ebraico masoretico, versione greca dei Settanta, versione latina della Nova Vulgata, testo CEI 2008 /$ca cura di Roberto Reggi e Veronica Caroli. 260 $aBologna :$bEDB,$c©2017. 300 $a133 p. ;$c26 cm. 490 1 $aLa Bibbia quadriforme 546 $aTesto greco, latino ed ebraico con trad. italiana interlineare. 630 04$aBiblia.$pV.T.$pEsdrae I-II.$0(OLS)http://pul/subject/24300 700 1 $aReggi, Roberto.$0(OLS)http://pul/name/30773 700 1 $aCaroli, Veronica.$0(OLS)http://pul/name/108001 730 02$aBiblia.$pV.T.$pNehemia.$lItaliano, ebraico, greco e latino.$0(OLS)http://pul/title/207718 830 0$aBibbia quadriforme.$0(OLS)http://pul/title/188338 850 $aPUL 852 $aPUL$W1$xSL Religione 3$y85$m222 REGRO 18.9$j191414$qDDC 21$B195259$CPULBib$Z2$F195259 $H130717 $81 941 1 $a9 996 $6020$a978-88-10-82131-2*$9(OLS)http://pul/number/164002 996 $6082$a222$9(OLS)http://pul/classification/563 996 $6245$aEsdra ; Neemia :$btesto ebraico masoretico, versione greca dei Settanta, versione latina della Nova Vulgata, testo CEI 2008$9(OLS)http://pul/title/207717 996 $6260$aBologna :$bEDB$9(OLS)http://pul/publisher/56073 LEADER 01273nam a2200265 u 4500 001 000000108717 003 CaOOAMICUS 005 20071206155906.0 008 071206s2007 it u000 u ita u 020 $z978-88-465-0591-0* 040 $aPUL$bita$dLDB 100 1 $aFisichella, Rino,$cvescovo.,$d1951-$0(OLS)http://pul/name/21522 245 13$aIl sentiero per Emmaus :$bcommento teologico pastorale a Sacramentum Caritatis /$cRino Fisichella. 260 $aRoma :$bLateran University Press,$cc2007. 300 $a111 p. ;$c21 cm 490 1 $aCommenti ;$v01 610 24$aPapi (2005-2013 : Benedictus XVI)$tSacramentum caritatis$xCommenti.$0(OLS)http://pul/subject/33783 830 0$aCommenti (Lateran University Press) ;$v01.$0(OLS)http://pul/title/88307 850 $aPUL 852 $aPUL$W1$xSL Religione 3$y85$m230. 01 COLL 1.1$j123971$qDDC 21$B122873$CPULBib$Z2$F122873 $H105961 $82 900 $aFisichella, Salvatore,$cvesc.$d1951-$921522 941 1 $a9 996 $6020$z978-88-465-0591-0*$9(OLS)http://pul/number/136521 996 $6245$aIl sentiero per Emmaus :$bcommento teologico pastorale a Sacramentum Caritatis$9(OLS)http://pul/title/136781 996 $6260$aRoma :$bLateran University Press$9(OLS)http://pul/publisher/74370 LEADER 01346nam a2200325 a 4500 001 000000007087 003 CaOOAMICUS 005 20140114142546.0 008 940514s1979 it u000 u ita r 035 $a10185184 040 $aPUL$bita 100 1 $aMorra, Gianfranco.$0(OLS)http://pul/name/505 245 13$aLa cultura cattolica e il nichilismo contemporaneo /$cGianfranco Morra. 260 $aMilano :$bRusconi,$c1979. 300 $a210 p. ;$c19 cm 490 1 $aProblemi attuali 504 $aIncludes bibliographical references. 650 04$aChiesa cattolica$xpastorale$xgiovani.$0(OLS)http://pul/subject/2596 650 4$aCultura cattolica.$0(OLS)http://pul/subject/6326 830 0$aProblemi attuali.$0(OLS)http://pul/title/880 850 $aPUL 852 $aPUL$W1$xDP1 Cons. Gen., Altre Classi 1$y22$m44 N 20$j9992$nBK-PRI$b $qStampati$B9992$CPULBib$Z2$F9992 $H $81 852 $aPUL$W1$xDP1 Fondo E. Rossi$y115$m3 A 247$j157985$a2. copia$qFondi$B157392$CPULBib$Z2$F157392 $82 941 1 $a8 941 1 $a1 961 $aINV: 47829 961 $aSul dorso collocazione ms. di E. Rossi: CP 81 996 $6245$aLa cultura cattolica e il nichilismo contemporaneo$9(OLS)http://pul/title/10395 996 $6260$aMilano :$bRusconi$9(OLS)http://pul/publisher/47863